Pink shrimp: biology and fishing

Salvato in:
Dettagli Bibliografici
Autori principali: Burukovskii, R. N (Autore), Bulanenko, S. K (Autore)
Natura: Libro
Lingua:inglese
Pubblicazione: Jerusalén Israel Program for Scientific Translations 1971
Soggetti:
Tags: Aggiungi Tag
Nessun Tag, puoi essere il primo ad aggiungerne!!

MARC

LEADER 00000nam a2200000 a 4500
001 UCY3559
003 CL-VaPUC
008 950104e19710000IS |||||||||||||||||eng|d
082 0 4 |a 639.543  |b BUR  |2 21 
100 0 |a Burukovskii, R. N  |e author  |9 331884 
700 0 |a Bulanenko, S. K  |e author  |9 331885 
245 1 0 |a Pink shrimp: biology and fishing 
300 |a 60 p 
942 |c BK 
945 |d 19950104 00:00:00  |a mfernand 
260 |a Jerusalén  |b Israel Program for Scientific Translations  |c 1971 
650 7 |a CAMARONES  |2 CL-VaPUC  |9 262185 
650 7 |a PESCA DE CAMARON  |2 CL-VaPUC  |9 331886 
583 |a last modification  |c 19950104 00:00:00  |k Rodrigo Vera 
999 |c 231663  |d 231661